000
00252nam a22001217a 4500
008
181019b xxu||||| |||| 00| 0 eng d
041
_a
eng
080
_a
616.073
100
_a
6
101
_a
GEN
245
_a
Genetics
_c
Irwin.H.H
942
_2
udc
_c
BK
999
_c
50291
_d
50291